| 000 | 00355cam a22001097a 4500 | ||
|---|---|---|---|
| 008 | 180718b1966 xxu||||| |||| 00| 0 eng d | ||
| 082 | _aN400x54 In/1965 | ||
| 245 |
_aCentre's role in police functions _cby Central Police Training College |
||
| 260 |
_aAbu _bCentral Police Training College _c1966 |
||
| 300 | _a217p. | ||
| 700 | _aCentral Police Training Colleg | ||
| 999 |
_c493911 _d493911 |
||